000 00366nam a2200145Ia 4500
008 210210b1977 xxu||||| |||| 00| 0 eng d
082 _a324.2092 MEHM
100 _aMEHTA (Ved).
245 _aMahatma Gandhi and his apostles.
260 _aEngland
_bPenguin Books
_c1977
300 _axi,260
650 _aMahatma Gandhi
690 _aBiography
906 _aSG01229
999 _c112475
_d112475